000 00453nam a2200145 i 4500
001 bg
100 1 _aLUDWICZAK, Stanisław
245 0 _aDziałalność kulturalna w kształceniu dorosłych /
_cStanisław Ludwiczak.
260 _aWarszawa,
_c1978.
040 _cBPK
041 _apol
942 _cKS
008 s pl f |000 0 pol
856 _uhttp://koha.tu.koszalin.pl/cgi-bin/koha/opac-detail.pl?biblionumber=9564
_yKatalog online BPK
999 _c9564
_d9564